Premier League General Knowledge #1 - Statistics

General Stats
  • This quiz has been taken 2,241 times
    762 since last reset
  • The average score is 5 of 17
Answer Stats
Question Answer % Correct
Who is the Premier League's most-expensive signing? Enzo Fernández
61%
Who is the only Mexican to have won the Premier League? Javier Hernández
57%
Which singer-songwriter is the current Life President and former owner of Watford? Sir Elton John
47%
Jamie Vardy broke whose record of scoring in consecutive games in 2015? Ruud van Nistelrooy
44%
Kia Joorabchian was the owner of which two players when they signed for West Ham United in 2006? Carlos Tévez
42%
Bloomfield Road is the ground of which one-season wonder? Blackpool
37%
Kia Joorabchian was the owner of which two players when they signed for West Ham United in 2006? Javier Mascherano
37%
Andrei Kanchelskis played in the Premier League for Manchester United, Everton, Southampton and which other club? Manchester City
30%
Who won the first ever Premier League match? Sheffield United
25%
Which two teams missed out on the inaugural Premier League season by being relegated from the old First Division in 1992 and haven't returned to the top flight since? Luton Town
18%
Who scored the first-ever televised Premier League goal? Teddy Sheringham
14%
Which striker won the Golden Boot either side of a season at Atlético Madrid? Jimmy Floyd Hasselbaink
13%
Which two teams missed out on the inaugural Premier League season by being relegated from the old First Division in 1992 and haven't returned to the top flight since? Notts County
11%
Which car dealership company sponsored Sunderland from 1999 until 2007? Reg Vardy
8%
Who appointed Micky Adams as his assistant (and eventual successor) when taking the Leicester City job in 2001? Dave Bassett
4%
Whom did Jim Jefferies replace as Bradford City manager in 2000? Chris Hutchings
3%
Who managed Wimbledon's final two Premier League games? Terry Burton
2%
No matching quizzes found
Score Distribution
Percent of People with Each Score
Percentile by Number Answered
Your Score History
You have not taken this quiz since the last reset